000 02865cam a2200601 i 4500
001 xx004995117
003 NUKAT
005 20260429132341.0
008 201112s2020 pl g |001 0 pol c
020 _a9788380981935
_q(oprawa miękka) :
_czł 25,00
035 _a(OCoLC)1225228840
035 _a(NUKAT)xx004995117
040 _aŁ U/ip
_bpol
_erda
_cŁ U/ip
_dŁ U/ip
_dKAT U/JPs
_dWA 14/ABs
_dOLSZT 008/bak
041 0 _apol
_bger
_beng
045 2 _bd1960
_bd1989
046 _k2020
099 _aja2020011418
245 0 0 _a"Po linii rewizjonizmu zachodnioniemieckiego" :
_baparat bezpieczeństwa i akcja antyrewizjonistyczna wobec ludności niemieckiej i rodzimej w Polsce /
_credakcja Sebastian Rosenbaum ; Instytut Pamięci Narodowej - Komisja Ścigania Zbrodni przeciwko Narodowi Polskiemu. Oddział w Katowicach.
246 3 0 _aAparat bezpieczeństwa i akcja antyrewizjonistyczna wobec ludności niemieckiej i rodzimej w Polsce
260 _aKatowice ;
_aWarszawa :
_bInstytut Pamięci Narodowej - Komisja Ścigania Zbrodni przeciwko Narodowi Polskiemu,
_c2020.
300 _a151 stron ;
_c24 cm.
336 _aTekst
_btxt
_2rdacontent
337 _aBez urządzenia pośredniczącego
_bn
_2rdamedia
338 _aWolumin
_bnc
_2rdacarrier
380 _aKsiążki
380 _aPublikacje naukowe
388 1 _a2001-
490 1 _aCentralny Projekt Badawczy IPN - Struktury i Metody Działania Aparatu Bezpieczeństwa w Polsce 1944-1989
504 _aBibliografia przy pracach. Indeks.
546 _aStreszczenie angielskie i niemieckie.
610 2 7 _aSłużba Bezpieczeństwa (SB ; Polska)
_2DBN
_939640
610 1 7 _aPolska.
_bSłużba Bezpieczeństwa
_y1945-1990
_vkonferencje.
_2kaba
_940896
648 7 _a1901-2000
_2DBN
_934996
648 7 _a1945-1989
_2DBN
_936043
650 7 _aMniejszości narodowe
_2DBN
_935448
650 7 _aNiemcy (naród)
_2DBN
_935449
650 7 _aPRL
_2DBN
_935084
650 7 _aRewizjonizm historyczny
_2DBN
_940897
650 7 _aSłużba bezpieczeństwa
_2DBN
_936912
650 7 _aMniejszości
_xpolityka publiczna
_zPolska
_y1945-1990
_vkonferencje.
_2kaba
_940898
651 7 _aPolska
_2DBN
_935076
651 7 _aRFN
_2DBN
_937331
651 7 _aZiemie Odzyskane
_2DBN
_938086
655 7 _aPraca zbiorowa
_2DBN
_935107
658 _aBezpieczeństwo i wojskowość
658 _aHistoria
700 1 _aRosenbaum, Sebastian
_d(1974- ).
_eRedakcja
_914923
710 2 _aInstytut Pamięci Narodowej - Komisja Ścigania Zbrodni przeciwko Narodowi Polskiemu.
_bOddział (Katowice).
_eInstytucja sprawcza
_911792
710 2 _aInstytut Pamięci Narodowej - Komisja Ścigania Zbrodni przeciwko Narodowi Polskiemu.
_eWydawca
_4pbl
_911792
830 0 _aStruktury i Metody Działania Aparatu Bezpieczeństwa w Polsce 1944-1989/90
_939468
920 _a978-83-8098-193-5 (oprawa miękka) : zł 25,00
942 _2ddc
_cBK_NM
999 _c27870
_d27870